Personnages Disney (2e partie) - Statistiques

Statistiques générales
  • Ce quiz a été pris 361 fois
  • Le résultat moyen est 36 sur 44
Statistiques - réponses
Par images Réponse % Correct
Jasmine
98%
Mickey
97%
Minnie
97%
Mulan
97%
Simba
97%
Tarzan
97%
Tigrou
97%
Aladdin
96%
Elsa
96%
Capitaine Crochet
95%
Grincheux
95%
Anna
94%
Baloo
94%
Hercule
94%
Stitch
93%
Aurore
92%
Lilo
92%
Pocahontas
92%
Pumba
92%
Scar
88%
Simplet
88%
Pan Pan
87%
Fée Marraine
86%
Timon
86%
Bourriquet
83%
Fifi/Riri/Loulou
83%
Bernard
82%
Bianca
82%
Prof
82%
Geppetto
81%
Sébastien
77%
Sven
77%
Pascal
76%
Javotte
75%
Duchesse
73%
Mère Gothel
70%
Anastasie
69%
Zazu
68%
Toulouse
63%
Bagheera
60%
Pongo
59%
Jack
53%
Jean-Christophe
50%
Timothée
34%
Aucun quiz correspondant
Distribution des résultats
% des personnes avec chaque résultat
Percentile par nombre de réponses
Votre historique - résultats
Vous n’avez pas pris ce quiz